| 000 | 00833nam a2200325 a 4500 | ||
|---|---|---|---|
| 003 | AR-BaBNM | ||
| 005 | 20251128204845.0 | ||
| 008 | 082120s2002 ||||||||||||||000 | spa|| | ||
| 020 | _a980-276-083-8 | ||
| 040 | _cAR-BaBNM | ||
| 100 | 1 | _aHuidobro, Vicente | |
| 245 | 0 | 0 | _aObra selecta |
| 260 |
_aCaracas _bBiblioteca Ayacucho _c1989 |
||
| 300 | _axliv, 642 p. | ||
| 490 | 0 |
_aBiblioteca Ayacucho _vv. 141 |
|
| 500 | _aEstudio preliminar | ||
| 500 | _aCronologĂa p. 619-632 | ||
| 504 | _aBibliografĂa p. 633--642 | ||
| 650 | 4 | _aLITERATURA CHILENA | |
| 650 | 4 | _aPOESIA | |
| 650 | 4 | _aPOLITICA CULTURAL | |
| 650 | 4 | _aFRANCES | |
| 650 | 4 | _aTEATRO | |
| 650 | 4 | _aENSAYO | |
| 653 | _aVANGUARDIAS LITERARIAS | ||
| 655 | _aLITERATURA | ||
| 700 | 1 |
_aNavarrete Orta, Luis _eprologuista |
|
| 942 | _cBK | ||
| 998 | _cisola | ||
| 999 |
_c9066 _d9066 |
||